[Event "DEN-chT 2324 61st"]
[Site "Denmark"]
[Date "2023.11.26"]
[Round "3.5"]
[White "Jorgensen, Brian"]
[Black "Rostgaard, Tobias Valentin"]
[Result "0-1"]
[WhiteElo "2267"]
[BlackElo "2308"]
[PlyCount "58"]
[EventDate "2023.10.28"]
[EventType "team-tourn"]
[EventRounds "9"]
[EventCountry "DEN"]
[SourceTitle "CB11_2024"]
[SourceDate "2024.03.13"]
[SourceVersion "1"]
[SourceVersionDate "2024.03.13"]
[SourceQuality "1"]
[WhiteTeam "Koge"]
[BlackTeam "BMS"]
[WhiteTeamCountry "DEN"]
[BlackTeamCountry "DEN"]

1. d4 Nf6 2. c4 e6 3. Nf3 d5 4. e3 Be7 5. Nc3 0-0 6. Bd3 c5 7. 0-0 dxc4 8. Bxc4 a6 9. a4 Nc6 10. d5 exd5 11. Nxd5 Be6 12. Nxf6+ Bxf6 13. Bxe6 fxe6 14. Qc2 Rc8 15. Rd1 Nb4 16. Qe2 Qb6 17. e4 Bd4 18. Qc4 Kh8 19. a5 Qb5 20. Qxe6 Qe2 21. Bg5 Rce8 22. Qd7 Bxf2+ 23. Kh1 Qxe4 24. Qh3 Nd3 25. Rf1 c4 26. Nd2 Be1 27. Be3 Bxd2 28. Bxd2 Rxf1+ 29. Rxf1 Nf2+ 0-1

[Event "DEN-ch blitz Gp2"]
[Site "Svendborg"]
[Date "2019.04.19"]
[Round "2"]
[White "Christensen, Tobias"]
[Black "Jorgensen, Brian"]
[Result "1-0"]
[WhiteElo "2341"]
[BlackElo "2255"]
[PlyCount "73"]
[EventDate "2019.04.19"]
[EventType "tourn (blitz)"]
[EventRounds "7"]
[EventCountry "DEN"]
[SourceTitle "EXT 2020"]
[Source "ChessBase"]
[SourceDate "2019.10.17"]
[SourceVersion "1"]
[SourceVersionDate "2019.10.17"]
[SourceQuality "1"]

1. e4 c5 2. Nf3 Nc6 3. Bb5 e5 4. Bxc6 dxc6 5. Nxe5 Qd4 6. Nf3 Qxe4+ 7. Qe2 Qxe2+ 8. Kxe2 Be7 9. d3 Be6 10. Be3 0-0-0 11. Nbd2 b6 12. Ng5 Bxg5 13. Bxg5 f6 14. Bf4 Ne7 15. Rhe1 Nd5 16. Kf3 Rhe8 17. h4 Nb4 18. Rec1 a5 19. a3 Nd5 20. Re1 Nxf4 21. Kxf4 Rd4+ 22. Kg3 Rg4+ 23. Kh2 Rxh4+ 24. Kg1 Kd7 25. Re3 Bf7 26. Rae1 Rxe3 27. Rxe3 Rh5 28. f4 Rd5 29. g3 g5 30. Ne4 Rf5 31. Rf3 gxf4 32. g4 Re5 33. Rxf4 Ke7 34. Kf2 h5 35. Nxf6 hxg4 36. Nxg4 Bh5 37. Nxe5 1-0

[Event "Helsingor Xtracon op"]
[Site "Helsingor"]
[Date "2018.07.25"]
[Round "6"]
[White "Jorgensen, Brian"]
[Black "Jensen, Tobias Ilsoe"]
[Result "1/2-1/2"]
[WhiteElo "2281"]
[BlackElo "2102"]
[PlyCount "70"]
[EventDate "2018.07.21"]
[EventType "swiss"]
[EventRounds "10"]
[EventCountry "DEN"]
[SourceTitle "CBM 185 Extra"]
[Source "ChessBase"]
[SourceDate "2018.07.29"]
[SourceVersion "1"]
[SourceVersionDate "2018.07.29"]
[SourceQuality "1"]

1. d4 Nf6 2. c4 e6 3. g3 d5 4. Nf3 Bb4+ 5. Bd2 Be7 6. Bg2 c6 7. Qc2 Nbd7 8. 0-0 0-0 9. Bf4 b6 10. Nbd2 Nh5 11. Be3 Nhf6 12. Ne5 Nxe5 13. dxe5 Nd7 14. Bd4 Bb7 15. b3 Rc8 16. Rad1 f6 17. exf6 Bxf6 18. e3 Qe7 19. Bxf6 Rxf6 20. e4 d4 21. f4 e5 22. f5 b5 23. Rf2 bxc4 24. Nxc4 Ba6 25. Bf1 Bxc4 26. Bxc4+ Kh8 27. g4 Rh6 28. Be6 Rc7 29. Bxd7 Rxd7 30. Qd2 c5 31. Rdf1 Qh4 32. Rg2 Rc6 33. Rg3 h6 34. Rc1 Rdc7 35. Rc4 Kg8 1/2-1/2

[Event "Helsingor Xtracon op"]
[Site "Helsingor"]
[Date "2018.07.21"]
[Round "1"]
[White "Pavlov, Mikhail"]
[Black "Jorgensen, Brian"]
[Result "0-1"]
[WhiteElo "1830"]
[BlackElo "2281"]
[PlyCount "90"]
[EventDate "2018.07.21"]
[EventType "swiss"]
[EventRounds "10"]
[EventCountry "DEN"]
[SourceTitle "CBM 185 Extra"]
[Source "ChessBase"]
[SourceDate "2018.07.29"]
[SourceVersion "1"]
[SourceVersionDate "2018.07.29"]
[SourceQuality "1"]

1. e4 e6 2. d4 d5 3. e5 c5 4. c3 Qb6 5. Nf3 Nc6 6. Na3 Bd7 7. Nc2 f6 8. Bd3 c4 9. Be2 fxe5 10. Nxe5 Nxe5 11. dxe5 Ne7 12. Nd4 g6 13. Qc2 Bg7 14. Be3 Qc7 15. f4 a6 16. 0-0-0 0-0-0 17. Bg4 Nf5 18. Bxf5 gxf5 19. Qf2 b5 20. Nc2 Kb7 21. Bc5 Bf8 22. Bxf8 Rdxf8 23. Nd4 a5 24. Qc2 Qb6 25. Kb1 b4 26. Ka1 Ka8 27. Qd2 Rb8 28. Rhg1 Rhg8 29. g3 Rb7 30. a3 Rgb8 31. cxb4 Qa7 32. b5 Bxb5 33. Qc3 Bd7 34. Rg2 Qc5 35. Re2 Rb6 36. Rg2 Be8 37. Rc1 Ba4 38. Re1 Rb3 39. Nxb3 Rxb3 40. Qc1 c3 41. Rc2 cxb2+ 42. Rxb2 Rc3 43. Qd2 Bc2 44. Qxc3 Qxc3 45. Rc1 Qxa3+ 0-1

[Event "DEN-ch cand"]
[Site "Svendborg"]
[Date "2016.03.22"]
[Round "1"]
[White "Jorgensen, Brian"]
[Black "Kristensen, Bjarke Hautop"]
[Result "1-0"]
[WhiteElo "2288"]
[BlackElo "2150"]
[PlyCount "91"]
[EventDate "2016.03.22"]
[EventType "swiss"]
[EventRounds "7"]
[EventCountry "DEN"]
[SourceTitle "EXT 2023"]
[Source "ChessBase"]
[SourceDate "2022.10.05"]
[SourceVersion "1"]
[SourceVersionDate "2022.10.05"]
[SourceQuality "1"]

1. d4 Nf6 2. Nf3 g6 3. g3 Bg7 4. Bg2 0-0 5. 0-0 d6 6. b3 c5 7. Bb2 cxd4 8. Nxd4 a6 9. c4 Qc7 10. Nc3 Nc6 11. Rc1 Nxd4 12. Qxd4 Qc5 13. Qxc5 dxc5 14. Na4 Nd7 15. Ba3 Ra7 16. Nxc5 b6 17. Nd3 Bb7 18. Rfd1 Bxg2 19. Kxg2 Rc8 20. e3 e6 21. Bb2 Rac7 22. Bxg7 Kxg7 23. f4 b5 24. cxb5 Rc2+ 25. Kf3 axb5 26. Rxc2 Rxc2 27. Nb4 Rc7 28. Rd6 Kf8 29. Rc6 Rb7 30. Rc8+ Ke7 31. e4 f6 32. Ke3 Kf7 33. Nc6 Rb6 34. Rc7 Ke8 35. h4 Ra6 36. Rxd7 Rxc6 37. Rxh7 Rc3+ 38. Kd4 Rxg3 39. Kc5 Rg4 40. Kxb5 Rxf4 41. a4 Rxe4 42. b4 e5 43. a5 Re3 44. a6 Ra3 45. a7 e4 46. a8Q+ 1-0

[Event "Valby K41 Spring-A"]
[Site "Valby"]
[Date "2011.05.03"]
[Round "6"]
[White "Nielsen, Michael1111"]
[Black "Jorgensen, Brian"]
[Result "0-1"]
[WhiteElo "2117"]
[BlackElo "2239"]
[PlyCount "62"]
[EventDate "2011.03.15"]
[EventType "tourn"]
[EventRounds "7"]
[EventCountry "DEN"]
[SourceTitle "EXT 2018"]
[Source "ChessBase"]
[SourceDate "2017.10.13"]
[SourceVersion "1"]
[SourceVersionDate "2017.10.13"]
[SourceQuality "1"]

1. d4 c5 2. c3 d5 3. Nf3 Nc6 4. dxc5 a5 5. Na3 e5 6. Nb5 Nf6 7. Bg5 Be6 8. e4 dxe4 9. Nd2 e3 10. Bxe3 Be7 11. Bc4 Nd5 12. Bxd5 Bxd5 13. Nd6+ Bxd6 14. cxd6 0-0 15. c4 Be6 16. c5 f5 17. f3 b6 18. Qa4 Nb4 19. 0-0 bxc5 20. Bxc5 Nd3 21. Qb5 Nf4 22. Rf2 Rb8 23. Qa6 Rxb2 24. Nc4 Rxf2 25. Bxf2 Qg5 26. g3 Nh3+ 27. Kg2 Nxf2 28. Kxf2 f4 29. Rg1 Qh6 30. Nxe5 Qxh2+ 31. Kf1 Bh3+ 0-1

[Event "Valby K41 Spring-A"]
[Site "Valby"]
[Date "2011.04.05"]
[Round "4"]
[White "Nielsen, John Holm"]
[Black "Jorgensen, Brian"]
[Result "0-1"]
[WhiteElo "2081"]
[BlackElo "2239"]
[PlyCount "136"]
[EventDate "2011.03.15"]
[EventType "tourn"]
[EventRounds "7"]
[EventCountry "DEN"]
[SourceTitle "EXT 2018"]
[Source "ChessBase"]
[SourceDate "2017.10.13"]
[SourceVersion "1"]
[SourceVersionDate "2017.10.13"]
[SourceQuality "1"]

1. Nc3 d5 2. e4 dxe4 3. Nxe4 e5 4. Bc4 Nc6 5. Nf3 Be7 6. d3 h6 7. Bb5 Bd6 8. d4 exd4 9. Qxd4 Nf6 10. 0-0 Kf8 11. Bxc6 bxc6 12. Nxf6 Qxf6 13. Qxf6 gxf6 14. Bd2 Kg7 15. Rfe1 Bf5 16. c4 Rhe8 17. Bc3 c5 18. Rad1 Rad8 19. Rxe8 Rxe8 20. Re1 Rxe1+ 21. Nxe1 Bb1 22. a3 Ba2 23. Nc2 Bxc4 24. Ne3 Be6 25. g3 Kg6 26. f4 f5 27. Kf2 h5 28. h4 Kh7 29. Nc2 Kg8 30. Ne1 Kf8 31. Ke3 Ke7 32. Nd3 Bd5 33. Ne5 Ke6 34. Nd3 Be4 35. Ne5 a6 36. Nc4 Be7 37. Be5 Bd5 38. Nd2 Bd6 39. Bc3 Kd7 40. Bf6 Ke6 41. Bc3 Be7 42. Be5 Bg2 43. Bc3 Kd5 44. Be5 c6 45. Bc3 c4 46. Bd4 c3 47. Bxc3 Bc5+ 48. Ke2 Be4 49. Nb3 Bb6 50. Nd2 Bc2 51. Nf3 Bb3 52. Nd2 Bc4+ 53. Kf3 Bd3 54. Nb3 Bc2 55. Nd2 Bd1+ 56. Kg2 Be2 57. Nb3 Ke4 58. Nd2+ Ke3 59. Nb3 Bf3+ 60. Kf1 Bd5 61. Nd2 Kd3 62. Ke1 Be3 63. Nf1 Bg1 64. Be5 c5 65. Bc3 c4 66. Be5 a5 67. Bc3 a4 68. Be5 Bg2 0-1

[Event "Lovsprings op 13th A"]
[Site "Ringsted"]
[Date "2002.04.19"]
[Round "6"]
[White "Eddy, Samuel"]
[Black "Jorgensen, Brian"]
[Result "0-1"]
[WhiteElo "1959"]
[BlackElo "2168"]
[PlyCount "82"]
[EventDate "2002.03.08"]
[EventType "swiss"]
[EventRounds "7"]
[EventCountry "DEN"]
[SourceTitle "EXT 2018"]
[Source "ChessBase"]
[SourceDate "2017.10.13"]
[SourceVersion "1"]
[SourceVersionDate "2017.10.13"]
[SourceQuality "1"]

1. f4 g6 2. g3 Bg7 3. Bg2 c5 4. d3 d5 5. Nf3 Nf6 6. 0-0 Nc6 7. h3 0-0 8. Qe1 d4 9. Na3 Be6 10. g4 Bd5 11. f5 Nd7 12. Ng5 Bxg2 13. Kxg2 Nf6 14. Qh4 Qd5+ 15. Kg1 Ne5 16. Nc4 Nxc4 17. dxc4 Qxc4 18. fxg6 fxg6 19. Rxf6 Rxf6 20. Qxh7+ Kf8 21. Ne4 Qf7 22. Bh6 Bxh6 23. Qxh6+ Qg7 24. Qxg7+ Kxg7 25. Nxf6 exf6 26. Kf2 Rh8 27. Kg3 Re8 28. Re1 Re3+ 29. Kg2 g5 30. Kh2 b5 31. Kg2 a5 32. b3 Rc3 33. Rc1 Kf7 34. Kh2 Ke6 35. Kg2 Ke5 36. a3 a4 37. bxa4 bxa4 38. Rf1 Rxc2 39. Rf5+ Ke6 40. Kf3 Rc3+ 41. Ke4 Re3# 0-1

[Event "Lovsprings op 13th A"]
[Site "Ringsted"]
[Date "2002.03.08"]
[Round "1"]
[White "Jorgensen, Brian"]
[Black "Christensen, Bo Garner"]
[Result "1-0"]
[WhiteElo "2168"]
[BlackElo "2161"]
[PlyCount "89"]
[EventDate "2002.03.08"]
[EventType "swiss"]
[EventRounds "7"]
[EventCountry "DEN"]
[SourceTitle "EXT 2018"]
[Source "ChessBase"]
[SourceDate "2017.10.13"]
[SourceVersion "1"]
[SourceVersionDate "2017.10.13"]
[SourceQuality "1"]

1. d4 Nf6 2. c4 c5 3. e3 g6 4. Nc3 Bg7 5. Nf3 0-0 6. Be2 d6 7. 0-0 Nc6 8. h3 Bd7 9. b3 cxd4 10. exd4 e5 11. d5 Ne7 12. Ba3 Nf5 13. Rc1 Qa5 14. Nb1 Bh6 15. g4 Bxc1 16. Qxc1 e4 17. gxf5 exf3 18. Bd3 Rfe8 19. Bb2 Re5 20. Bxe5 dxe5 21. Qg5 Qd8 22. Nd2 Kg7 23. fxg6 hxg6 24. Qxe5 Bxh3 25. Re1 Qh8 26. Ne4 Qh4 27. Qxf6+ Qxf6 28. Nxf6 Kxf6 29. Re3 Bg2 30. Bf1 Bxf1 31. Kxf1 Rc8 32. Rxf3+ Ke7 33. Ke2 b6 34. Rh3 Kd6 35. Kd3 Re8 36. Rf3 Re7 37. Re3 Rc7 38. Kd4 Kd7 39. b4 a5 40. bxa5 bxa5 41. c5 Rc8 42. d6 Rb8 43. Re7+ Kd8 44. c6 Rb2 45. c7+ 1-0